| 000 | 00431nam a2200157 i 4500 | ||
|---|---|---|---|
| 001 | 87931 | ||
| 003 | ES-MaACL | ||
| 005 | 20230906175752.0 | ||
| 007 | t| | ||
| 008 | 041228s1973 sp ||||1| spa d | ||
| 100 | 1 |
_aLacruz, Mario. _969412 |
|
| 245 | 1 | 3 |
_aEl ayudante del verdugo _b: novela / _cMario Lacruz. |
| 260 |
_a[Barcelona : _bPlaza & Janés, _c1973] |
||
| 300 |
_a182 p. ; _c19 cm. |
||
| 852 |
_aES-MaACL _jC-53679 _bR.86643 |
||
| 999 |
_c87931 _d87931 |
||